今は存在しない市(2000年) - Statistics

General Stats
  • This quiz has been taken 22 times
  • The average score is 52 of 64
Answer Stats
都道府県 現在の市 Answer % Correct
埼玉県 さいたま市 大宮市
100%
埼玉県 さいたま市 与野市
100%
埼玉県 さいたま市 浦和市
100%
兵庫県 丹波篠山市 篠山市
100%
山口県 周南市 徳山市
100%
鹿児島県 いちき串木野市 串木野市
100%
岩手県 奥州市 水沢市
95%
岩手県 奥州市 江刺市
95%
秋田県 大仙市 大曲市
95%
埼玉県 さいたま市 岩槻市
95%
静岡県 静岡市 清水市
95%
山口県 山陽小野田市 小野田市
95%
愛媛県 四国中央市 川之江市
95%
鹿児島県 薩摩川内市 川内市
95%
鹿児島県 霧島市 国分市
95%
宮城県 大崎市 古川市
90%
秋田県 由利本荘市 本庄市
90%
新潟県 佐渡市 両津市
90%
福井県 越前市 武生市
90%
三重県 伊賀市 上野市
90%
兵庫県 たつの市 龍野市
90%
広島県 尾道市 因島市
90%
高知県 四万十市 中村市
90%
長崎県 五島市 福江市
90%
栃木県 日光市 今市市
85%
新潟県 新潟市 新津市
85%
静岡県 浜松市 天竜市
85%
滋賀県 東近江市 八日市市
85%
島根県 出雲市 平田市
85%
愛媛県 四国中央市 伊予三島市
85%
東京都 西東京市 田無市
80%
富山県 射水市 新湊市
80%
石川県 白山市 松任市
80%
静岡県 浜松市 浜北市
80%
愛媛県 松山市 北条市
80%
福島県 南相馬市 原町市
75%
栃木県 那須塩原市 黒磯市
75%
新潟県 妙高市 新井市
75%
山梨県 甲州市 塩山市
75%
福岡県 糸島市 前原市
75%
沖縄県 うるま市 石川市
75%
沖縄県 宮古島市 平良市
75%
埼玉県 川口市 鳩ヶ谷市
70%
千葉県 匝瑳市 八日市場市
70%
東京都 西東京市 保谷市
70%
新潟県 新潟市 豊栄市
70%
長野県 千曲市 更埴市
70%
愛知県 一宮市 尾西市
70%
山口県 周南市 新南陽市
70%
愛媛県 西条市 東予市
70%
熊本県 天草市 本渡市
70%
熊本県 天草市 牛深市
70%
鹿児島県 奄美市 名瀬市
70%
茨城県 常総市 水海道市
65%
埼玉県 ふじみ野市 上福岡市
65%
新潟県 長岡市 栃尾市
65%
三重県 津市 久居市
65%
鹿児島県 伊佐市 大口市
65%
鹿児島県 南さつま市 加世田市
65%
茨城県 坂東市 岩井市
60%
新潟県 新潟市 白根市
60%
福岡県 嘉麻市 山田市
60%
福岡県 朝倉市 甘木市
55%
沖縄県 うるま市 具志川市
55%
No matching quizzes found
Score Distribution
Percent of People with Each Score
Percentile by Number Answered
Your Score History
You have not taken this quiz